000 00267 a2200097 4500
001 12984
100 _aShakespeare,M
245 _aHenry IV:Text Edited from the first quarto contexts and sources criticism
260 _a
_bW W Norton & Company
_c
090 _c9984
_d9984
942 _aNUST-CAE
_cM
_c36915
999 _c248057
_d248057